000 01056nam0a22002891 4500
001 rc\4962031
005 20250612214448.0
021 _aRU
_b[58-69664]
035 _a(NLR Aleph) 008862820
090 _a8472071
_c8472071
100 _a20130426d1958 |||y0rusy50 ca
101 0 _arus
102 _aRU
105 _aa z |||||
200 1 _aМирза Шафи в мировой литературе
_e(К вопросу о лит. наследии Мирза Шафи и плагиате Фридриха Боденштедта)
210 _aБаку
_cАзернешр
_d1958
215 _a120 с.
_cил.
_d20
300 _aПеред загл. авт.: Микаэль Рафили
320 _aБиблиогр.: с. 118-119
700 1 _aРафили
_bМ.Г. оглы
_f1905-1958
_gМикаил Гасан оглы
702 0 _aВазех Мирза Шафи
_4570
702 1 _aБоденштедта
_bФ.
_gФридрих
_4570
801 0 _aRU
_bNLR
_gpsbo
801 1 _aRU
_bELAR
_2rusmarc
852 _aNLR
_j59-3/412
942 _cBOOK
980 _aNB